[Event "Barletta Mascolo Memorial 5th"]
[Site "Barletta"]
[Date "2013.10.06"]
[Round "5"]
[White "Poggiolini, Alessandro"]
[Black "Messina, Francesco"]
[Result "1/2-1/2"]
[WhiteElo "1950"]
[BlackElo "1904"]
[PlyCount "41"]
[EventDate "2013.09.28"]
[EventType "swiss"]
[EventRounds "6"]
[EventCountry "ITA"]
[SourceTitle "EXT 2015"]
[Source "ChessBase"]
[SourceDate "2014.11.20"]
[SourceVersion "1"]
[SourceVersionDate "2014.11.20"]
[SourceQuality "1"]

1. e4 Nf6 2. e5 Nd5 3. d4 d6 4. Nf3 dxe5 5. Nxe5 c6 6. Be2 Nd7 7. Nf3 N7f6 8. c4 Nb6 9. h3 Bf5 10. Nc3 g6 11. 0-0 Bg7 12. a4 a5 13. Qb3 Qc7 14. Be3 0-0 15. d5 Nbd7 16. Nd4 Nc5 17. Qa3 Nce4 18. Nxe4 Nxe4 19. dxc6 bxc6 20. Bf3 Bxd4 21. Bxe4 1/2-1/2